Napisz państwo zaczynające na ... sylab - Statystyki

Ogólne statystyki
  • Ten quiz został rozwiązany 45 razy
  • Średni wynik to 8 z 11
Statystyki odpowiedzi
Podpowiedź Odpowiedzi % Poprawnych
2 sylabowe Austria | Bahrajn | Belgia | Benin | Bhutan | Chile | Chiny | Czechy | Dania | Egipt | Fidżi | Francja | Gabon | Gambia | Grecja | Gruzja | Indie | Irak | Iran | Jemen | Katar | Kenia | Kongo | Kuba | Kuwejt | Laos | Liban | Libia | Litwa | Łotwa | Mali | Malta | Meksyk | Mjanma | Nepal | Niemcy | Niger | Oman | Palau | Peru | Polska | Rosja | Rwanda | Samoa | Serbia | Sudan | Syria | Szwecja | Tajwan | Togo | Tonga | Turcja | Węgry | Wietnam | Włochy | Zambia
98%
3 sylabowe Albania | Algeria | Andora | Angola | Armenia | Bahamy | Bangladesz | Barbados | Belize | Białoruś | Boliwia | Botswana | Brazylia | Brunei | Bułgaria | Burundi | Chorwacja | Dżibuti | Ekwador | Estonia | Finlandia | Grenada | Gujana | Gwinea | Haiti | Hiszpania | Holandia | Honduras | Irlandia | Islandia | Izrael | Jamajka | Japonia | Jordania | Kambodża | Kamerun | Kanada | Kazachstan | Kirgistan | Kolumbia | Komory | Kosowo | Lesotho | Liberia | Liechtenstein | Luksemburg | Malawi | Malezja | Maroko | Mołdawia | Monako | Mongolia | Mozambik | Namibia | Nauru | Nigeria | Norwegia | Pakistan | Panama | Paragwaj | Rumunia | Salwador | Senegal | Seszele | Singapur | Słowacja | Słowenia | Somalia | Sri Lanka | Surinam | Szwajcaria | Tajlandia | Tanzania | Tunezja | Tuvalu | Uganda | Urugwaj | Watykan | Zimbabwe
95%
4 sylabowe Afganistan | Argentyna | Australia | Azerbejdżan | Czarnogóra | Dominika | Erytrea | Eswatini | Etiopia | Filipiny | Gwatemala | Indonezja | Kiribati | Kostaryka | Madagaskar | Malediwy | Mauritius | Mikronezja | Palestyna | Portugalia | Saint Lucia | San Marino | Tadżykistan | Timor Wschodni | Turkmenistan | Ukraina | Vanuatu
93%
6 sylabowe Arabia Saudyjska | Korea Północna | Stany Zjednoczone | Sudan Południowy | Wyspy Salomona
83%
5 sylabowe Burkina Faso | Dominikana | Gwinea Bissau | Mauretania | Nikaragua | Nowa Zelandia | Saint Kitts i Nevis | Sierra Leone | Wenezuela | Wielka Brytania | Wyspy Marshalla
83%
7 sylabowe Antigua i Barbuda | Gwinea Równikowa | Korea Południowa | Macedonia Północna | Południowa Afryka | Trynidad i Tobago
78%
1 sylabowe Cypr | Czad
73%
11 sylabowe Demokratyczna Republika Konga | Republika Południowej Afryki | Republika Środkowoafrykańska | Republika Zielonego Przylądka | Zjednoczone Emiraty Arabskie
66%
8 sylabowe Bośnia i Hercegowina | Papua-Nowa Gwinea | Wybrzeże Kości Słoniowej
51%
12 sylabowe Wyspy Świętego Tomasza i Książęca
49%
9 sylabowe Saint Vincent i Grenadyny
34%
Nie znaleziono quizów pasujących do podanych kryteriów
Rozkład punktacji
Procent ludzi z każdym wynikiem
Percentyl według liczby udzielonych odpowiedzi
Twoja historia wyników
Nie rozwiązałeś tego quizu